MDQL
is popping MORE tags! Check the
thread
!
Quizzes
Events
Quiz Creation
Community
Videos
Private Events
Remove Ads
Sign In
Join for FREE
Feedback
Dark Mode
Quiz Categories
Sports
Geography
Music
Movies
Television
Just For Fun
Miscellaneous
History
Literature
Language
Science
Gaming
Entertainment
Religion
Holiday
For Kids
Quiz Lab
Recent
Popular Today
Quiz Kudos Today
Editor Picks
Curator Picks
Quizzes by...
Day
Popularity
Type
Ratings
Length
Year
Community
Subscriptions
Recent Discussions
Orange Saloon
Badges
Playlists
Quests
Create
Leaderboards
Showdown
Live 5
Trivia Bingo
Activity
Puzzle Library
Sporcle Events
Private Events
Virtual Trivia
Globe League
Become a Host
Pub Owners
SporcleCon
Opinionation
Our Games
Videos
Blog
Mobile Apps
Partnerships
Remove Ads and Go Orange
Feedback
Sports
Athletes
MLB
NBA
NHL
NFL
Soccer
Sports Teams
WWE
NCAA
Football
Premier League
Basketball
Baseball
Hockey
Golf
Tennis
Cricket
Rugby
Auto Racing
Olympics
World Cup
Sports
Athletes
MLB
NBA
NHL
NFL
Soccer
Sports Teams
WWE
NCAA
Football
Premier League
Basketball
Baseball
Hockey
Golf
Tennis
Cricket
Rugby
Auto Racing
Olympics
World Cup
Random Quiz
Search Sporcle
×
Quiz Lab
Quiz Lab
Sports
Football
Type in answers that appear in a list
Type in answers that appear in a list
Classic
Best Score? Go Orange.
2012 San Francisco 49ers final roster Stats
Can you name the players on the 2012 49ers final roster?
By
Maverick7799
5m
59 Questions
226 Plays
226 Plays
226 Plays
Comments
Comments
Give Quiz Kudos
Give Quiz Kudos
-
- Ratings
hide this ad
More Info
Replay
Link that replays current quiz
Next Quiz
Link to next quiz in quiz playlist
You Got
0%
They Got
Avg Score
57%
Avg Friend Score
Upgrade to see
Score Distribution
Jump to the score distribution portion of the page
Score
0/59
Timer
05:00
0
Plays Today
Position
Player
% Correct
QB
Alex Smith
99.6%
OLB/
DE
Aldon Smith
99.1%
DE
Justin Smith
98.7%
RB
Frank Gore
98.2%
QB
Colin Kaepernick
96.5%
WR
Michael Crabtree
96.5%
ILB
Patrick Willis
95.6%
TE
Vernon Davis
94.7%
T
Anthony Davis
93.4%
ILB
NaVorro Bowman
92.5%
G
Leonard Davis
91.2%
T
Joe Staley
83.6%
P
Andy Lee
81%
FS
Dashon Goldson
80.5%
K
David Akers
80.5%
WR
Randy Moss
78.8%
FB
Bruce Miller
77.4%
G
Mike Iupati
77.4%
SS
Donte Whitner
76.1%
RB
LaMichael James
75.7%
CB
Carlos Rogers
74.3%
RB*
Kendall Hunter
73.9%
OLB/
DE
Ahmad Brooks
73.9%
WR*
Kyle Williams
71.7%
NT
Ian Williams
70.8%
TE
Delanie Walker
69.5%
CB
Tarell Brown
64.6%
WR*
Mario Manningham
62.4%
G/
T
Alex Boone
61.9%
C
Jonathan Goodwin
61.5%
Position
Player
% Correct
RB
Anthony Dixon
60.2%
WR
Ted Ginn Jr.
58.8%
DE
Ray McDonald
58.8%
CB
Chris Culliver
53.1%
NT
Isaac Sopoaga
51.8%
G/
C
Daniel Kilgore
47.3%
CB
Tramaine Brock
46%
TE
Garrett Celek
44.2%
WR
A.J. Jenkins
43.8%
CB
Perrish Cox
40.3%
LS
Brian Jennings
39.4%
QB
Scott Tolzien
37.2%
OLB/
DE
Cam Johnson
34.1%
ILB
Michael Wilhoite
33.2%
SS
C.J. Spillman
30.5%
G
Joe Looney
27.4%
NT/
DE
Ricky Jean-Francois
26.5%
DE/
FB
Will Tukuafu
26.1%
ILB
Larry Grant
24.3%
OLB/
DE*
Parys Haralson
24.3%
DE
Tony Jerod-Eddie
23.9%
TE*
Demarcus Dobbs
21.2%
RB
Jewel Hampton
19.9%
FS
Trenton Robinson
16.4%
WR
Chad Hall
15.5%
ILB
Tavares Gooden
13.7%
OLB/
DE*
Darius Fleming
9.3%
FS
Darcel McBath
7.1%
OLB
Clark Haggans
3.5%
Quiz Playlist
Details
Report
Send in Message
Add To Playlist
More Info:
* = Player finished season on IR
Classic:
Type in answers that appear in a list
Quiz Source
Last Updated: Jul 28, 2017
Quiz Scoreboard
CHALLENGE
Sign Up to Join the Scoreboard
Show All
Scores
Hide
Comments
May contain spoilers
Recently Published
Holiday 10x10 Sorting Gallery
by lukepisani3
Holiday
15m
Two Season TV Shows II
by 123Four
Television
10m
Image Sorting: Flags VI
by Barbecue
Geography
2m
More to Explore
Quiz From the Vault
Featured Blog Post
14 Easter Pick-up Lines to Find Eggs With
hide this ad
You Might Also Like...
Tags
Football Quiz
NFL Quiz
NFL Player
San Francisco 49ers
Today's Top Quizzes in Sports
Browse Sports
hide this ad
Today's Top Quizzes in Football
Browse Football
Top Contributed Quizzes in Sports
1
Les meilleurs buteurs des matchs entre le PSG et l’OM
2
Les entraîneurs de l'OM et du PSG au 21e siècle
3
2022 World Cup Stars
4
Les joueurs passés par le PSG et l'OM
5
Players with Multiple 50 Home Run Seasons
6
FIFA Club World Cup Champions
7
Top 10 NHL Goal Scorers of All Time
8
Les joueurs passés par le LOSC et le RC Lens
9
Criteria MLB: Left Handed Sluggers
10
2023 MLB Unique Player Accomplishments
Explore More
Trending Topics
NBA
Anime
Marvel
Kpop
Disney
Harry Potter
Crossword
The Office
Song
WWE
Pokémon
NFL
Soccer
Puzzle
Country
hide this ad
More By:
Maverick7799
Quiz
Plays
Rating
Category
Featured
Created
2012 San Francisco 49ers final roster
226
3.00
Sports
Apr 11, 2013
Go to Creator's Profile
Score Distribution
Quiz Creator Spotlight
Maverick7799
Follow
Send a Message
Quizzes Created
-
Created Quiz Play Count
-
More By This Creator
Popular Quizzes Today
1
Find the US States - No Outlines Minefield
2
Colored Red Africa Blitz
3
Find the 'City' Movie
4
The Countries of the World
5
Find the US States
6
5x2 Blitz: Bands
7
Find the Countries of Europe - No Outlines Minefield
8
US States
More Sports Quizzes
Letter Fall: MLB Teams
Published
Trending Quizzes
Colored Red Europe Blitz I
Colored Red Europe Blitz II
Colored Red Africa Blitz II
Colored Red Europe Blitz III
Colored Red Africa Blitz III
Recently Updated
Odd Team Out - Big 4 Players
pecheneg
Quick Pick: 20 Twenties
pecheneg
March Madness Men's Triple Doubles
pecheneg
How Do You Spell That?
pecheneg
Godzilla Movies
pecheneg
Grab Bag: 4-10 Letters
pecheneg
2024 March Madness Bracket
pecheneg
Famous TV Couples
Peacemaker
Champions League XIs: Real Madrid
pecheneg
Largest US Cities 1790-2010
pecheneg
Trending Topics
Marvel
Disney
NBA
Anime
Kpop
Crossword
Harry Potter
WWE
Soccer
Pokémon
Song
The Office
Puzzle
NFL
Country
Your Account Isn't Verified!
In order to create a playlist on Sporcle, you need to verify the email address you used during registration. Go to your
Sporcle Settings
to finish the process.
Report this User
Report this user for behavior that violates our
Community Guidelines
.
Details:
Send Report
Go to the Sporcle.com Mobile Site →
Comments